000 00315nam a22001337a 4500
008 170904b xxu||||| |||| 00| 0 eng d
020 _a19312458(2010)4(4)
041 _aeng
080 _a070
100 _a40
101 _aMED
245 _aCOMMUNICATION METHODS AND MEASURES
_cEWOLSEN.D.R
942 _2udc
_cBK
999 _c26045
_d26045